Olivia Rodrigo - Devine la chanson sans indices #8 - Statistiques

Statistiques générales
  • Ce quiz a été pris 88 fois
  • Le résultat moyen est 284 sur 410
Statistiques - réponses
Paroles % Correct
I
100%
(Ha)
98%
a
97%
(ah)
97%
Ah-ah-ah-ah
97%
you,
95%
you
95%
You
95%
you?
95%
me
88%
me,
88%
and
85%
And
85%
the
85%
for
83%
on
82%
be
80%
we
80%
do
79%
my
77%
to
77%
your
77%
Your
77%
good
76%
Good
76%
happy
76%
it
76%
so
76%
I'm
73%
girl,
71%
girl
71%
(girl)
71%
is
71%
like
71%
Like
71%
you're
71%
Not
70%
that
70%
that?
70%
car
68%
ever
68%
know
68%
of
68%
But
67%
don't
67%
too
67%
when
67%
who
67%
all
65%
healthy
65%
if
65%
look
65%
really
64%
Well,
64%
got
62%
in
62%
It's
62%
it's
62%
I've
62%
new
62%
ask
61%
baby
61%
Baby,
61%
crying
61%
floor
61%
God,
61%
God
61%
guess
61%
only
61%
said
61%
she
61%
want
61%
was
61%
bathroom
59%
cared
59%
get
59%
never
59%
found
58%
with
58%
can
56%
couple
56%
have
56%
took
56%
weeks
56%
what
56%
easily
55%
Maybe
55%
maybe
55%
moved
55%
night
55%
could
53%
emotional
53%
fuck
53%
wish
53%
world?
53%
(World?)
53%
give
52%
way
52%
brand
50%
doing
50%
lost
50%
Remember
50%
spent
50%
without
50%
even
48%
mind,
48%
Or
48%
at
47%
great
47%
man
47%
Now
47%
out
47%
been
45%
better
45%
met
45%
therapist
45%
up
45%
will
45%
everything
44%
helped
44%
screw
44%
sociopath!
44%
there
44%
you've
44%
apathy
42%
damn
42%
wanted
42%
yourself
42%
bought
39%
off
39%
person
39%
swore
39%
salt
38%
working
38%
wound
38%
unaffected,
33%
getting
30%
hurt
29%
taking
29%
happened
27%
career's
26%
Aucun quiz correspondant
Distribution des résultats
% des personnes avec chaque résultat
Percentile par nombre de réponses
Votre historique - résultats
Vous n’avez pas pris ce quiz